000
00335 a2200157 4500
001
114108
041
_a
por
090
_a
Year 1 B/E
245
1
0
_a
Projetor Epson 475 Wi+ 6
250
_a
. ed.
300
_a
Marca Epson
856
_u
000011/00001126.jpg
040
_a
BR-BrIDEA
_c
BR-BrIDEA
260
_a
[S.l.]
_c
2016
942
_c
DE
999
_c
114108
_d
114108